<?xml version="1.0" encoding="UTF-8"?><?xml-stylesheet type="text/xsl" href="static/style.xsl"?><OAI-PMH xmlns="http://www.openarchives.org/OAI/2.0/" xmlns:xsi="http://www.w3.org/2001/XMLSchema-instance" xsi:schemaLocation="http://www.openarchives.org/OAI/2.0/ http://www.openarchives.org/OAI/2.0/OAI-PMH.xsd"><responseDate>2026-04-13T16:49:44Z</responseDate><request verb="GetRecord" identifier="oai:www.recercat.cat:2072/399198" metadataPrefix="marc">https://recercat.cat/oai/request</request><GetRecord><record><header><identifier>oai:recercat.cat:2072/399198</identifier><datestamp>2026-03-05T22:58:43Z</datestamp><setSpec>com_2072_98</setSpec><setSpec>col_2072_378192</setSpec></header><metadata><record xmlns="http://www.loc.gov/MARC21/slim" xmlns:dcterms="http://purl.org/dc/terms/" xmlns:xsi="http://www.w3.org/2001/XMLSchema-instance" xmlns:doc="http://www.lyncode.com/xoai" xsi:schemaLocation="http://www.loc.gov/MARC21/slim http://www.loc.gov/standards/marcxml/schema/MARC21slim.xsd">
   <leader>00925njm 22002777a 4500</leader>
   <datafield ind2=" " ind1=" " tag="042">
      <subfield code="a">dc</subfield>
   </datafield>
   <datafield ind2=" " ind1=" " tag="720">
      <subfield code="a">Gich, Martí</subfield>
      <subfield code="e">author</subfield>
   </datafield>
   <datafield ind2=" " ind1=" " tag="720">
      <subfield code="a">Gázquez Alabart, Jaume</subfield>
      <subfield code="e">author</subfield>
   </datafield>
   <datafield ind2=" " ind1=" " tag="720">
      <subfield code="a">Roig i Serra, Anna</subfield>
      <subfield code="e">author</subfield>
   </datafield>
   <datafield ind2=" " ind1=" " tag="720">
      <subfield code="a">American Physical Society</subfield>
      <subfield code="e">author</subfield>
   </datafield>
   <datafield ind2=" " ind1=" " tag="260">
      <subfield code="c">2010</subfield>
   </datafield>
   <datafield ind2=" " ind1=" " tag="520">
      <subfield code="a">This article may be downloaded for personal use only. Any other use requires prior permission of the author and the American Institute of Physics.</subfield>
   </datafield>
   <datafield ind2=" " ind1=" " tag="520">
      <subfield code="a">Thin films of the metastable and elusive ε-Fe2O3 have been epitaxially stabilized on SrTiO3 (111) substrates. The ε-Fe2O3 films present a (001) orientation perpendicular to the substrate and three in-plane domains measuring a few nanometers and showing atomically sharp interfaces. We argue that this domain structure, rather than the epitaxial-strain, plays an essential role in stabilizing the ε-Fe2O3 by minimizing the energy of (100) surfaces. The ε-Fe2O3 films show a large in-plane coercivity ∼ 8 kOe which combined with the magnetoelectric character claimed for this oxide may lead to novel applications in spintronics.</subfield>
   </datafield>
   <datafield tag="653" ind2=" " ind1=" ">
      <subfield code="a">Pel·lícules fines</subfield>
   </datafield>
   <datafield ind2="0" ind1="0" tag="245">
      <subfield code="a">Epitaxial stabilization of ε-Fe2O3 (00l) thin films on SrTiO3 (111)</subfield>
   </datafield>
</record></metadata></record></GetRecord></OAI-PMH>